| 000 | 02290nam a2200469Ii 4500 | ||
|---|---|---|---|
| 001 | DIGPOLIF0071 | ||
| 003 | NyNyDIG | ||
| 006 | m o d | ||
| 007 | cr ||||||||||| | ||
| 008 | 131001s2010 sp a ob 000 0bspa d | ||
| 020 | _z9788496813403 | ||
| 020 | _z8496813401 | ||
| 035 | _a(OCoLC)888274110 | ||
| 040 |
_aDGITA _beng _epn _cDGITA |
||
| 043 |
_ae------ _ae-po--- _ae-sp--- _ae-uk--- |
||
| 050 | 1 | 4 | _aDG797.9 eBook |
| 100 | 1 |
_aSherley, Anthony, _cSir, _d1565-1635? |
|
| 245 | 1 | 0 |
_aPeso de todo el mundo (1622) : _bdiscurso sobre el aumento de esta monarquía (1625) / _cAnthony Sherley ; edición y estudios: Ángel Alloza, Miguel Ángel de Bunes, José Antonio Martínez Torres. |
| 264 | 1 |
_aMadrid : _bEdiciones Polifemo, _c2010. |
|
| 300 |
_a1 online resource (viii, 274 pages): _bill. (chiefly col.) |
||
| 336 |
_atext _btxt _2rdacontent |
||
| 337 |
_acomputer _bc _2rdamedia |
||
| 338 |
_aonline resource _bcr _2rdacarrier |
||
| 490 | 1 |
_aLa Corte en Europa ; _v4. |
|
| 504 | _aIncludes bibliographical references (p. 267-274). | ||
| 505 | 0 | _a Estudios. Sir Anthony Sherley / Ángel Alloza Aparicio ; Antonio Sherley, un aventurero al servicio de Felipe III / Miguel Ángel de Bunes Ibarra ; Entre la autonomía y la independencia: las posesiones de los Austrias en Asia, África y América (1580-1640), un balance / José Antonio Martínez Torres -- Textos. Peso de todo el mundo ; Discurso en razón de lo que pueden en general y particular los reyes y potentados contra esta Monarquía y sobre el aumento de ella. | |
| 600 | 1 | 0 |
_aSherley, Anthony, _cSir, _d1565-1635? |
| 650 | 0 | _aPolitical geography. | |
| 650 | 0 | _aEconomic geography. | |
| 650 | 0 |
_aMonarchy _zSpain _xHistory _y17th century. |
|
| 655 | 0 | _aElectronic books. | |
| 700 | 1 | 2 |
_aSherley, Anthony, _cSir, _d1565-1635? _tDiscurso sobre el aumento de esta monarquía. |
| 700 | 1 | _aAlloza, Ángel. | |
| 700 | 1 | _aBunes Ibarra, Miguel Angel de. | |
| 700 | 1 | _aMartínez Torres, José Antonio. | |
| 791 | 2 |
_aDigitalia (Firm), _edistributor. |
|
| 830 | 0 |
_aColección La Corte en Europa; _v4. |
|
| 793 | 0 |
_gDigitalia eBook Collection: _aEdiciones Polifemo. |
|
| 856 | 4 | 0 |
_3Digitalia Hispánica _uhttps://www.digitaliapublishing.com/a/18938/ |
| 910 | _aPremium Collection: 2007-2012 | ||
| 942 | _cRAA | ||
| 999 |
_c236165 _d236165 |
||